| 000 | 00441cam a2200157ua 4500 | ||
|---|---|---|---|
| 041 |
_aeng _h |
||
| 082 |
_a660.2842 _bCHE/PO |
||
| 100 | _aCheremisinoff, Nicholas P . | ||
| 245 |
_aPocket hand book for solid liquid separations / _cNicholas P Cheremisinoff. _hTextual Documents |
||
| 260 |
_aLondon : _bGulf Publishing Company , _c1984. |
||
| 300 | _a148 ; . | ||
| 500 | _a** Reference | ||
| 504 | _a | ||
| 942 | _cBK | ||
| 999 |
_c4814 _d4814 |
||